Los mejores cuentos de fantasmas /
La casa -- La mujer de blanco -- El fantasma del retrato
Guardado en:
| Autor Principal: | |
|---|---|
| Otros Autores: | |
| Formato: | Libro |
| Idioma: | Undetermined |
| Publicado: |
Buenos Aires :
Arte Gráfico,
2008.
|
| Edición: | 1a ed. |
| Series: | Genios - Grandes libros ilustrados ;
2 |
| Materias: | |
| Etiquetas: |
Agregar Etiqueta
Sin Etiquetas, Sea el primero en etiquetar este registro!
|
| LEADER | 00804nam a22002295a 4500 | ||
|---|---|---|---|
| 001 | CEM.cems021152 | ||
| 008 | 240514s2008####ag############000#0#und#d | ||
| 005 | 20240514181046.0 | ||
| 245 | 1 | 0 | |a Los mejores cuentos de fantasmas / |c Selección y adaptación de Viviana Centol ; ilustrado por Pablo Túnica. |
| 250 | |a 1a ed. | ||
| 260 | |a Buenos Aires : |b Arte Gráfico, |c 2008. | ||
| 300 | |a 48 p. | ||
| 490 | 1 | |a Genios - Grandes libros ilustrados ; |v 2 | |
| 520 | |a La casa -- La mujer de blanco -- El fantasma del retrato | ||
| 020 | |a 9789870702115 | ||
| 100 | 1 | |a Centol, Viviana; adapt. | |
| 700 | 1 | |a Túnica, Pablo; il. | |
| 653 | |a Cuentos | ||
| 653 | |a Literatura argentina | ||
| 653 | |a Cuentos argentinos | ||
| 653 | |a Literatura de terror | ||
| 859 | |a CEMS |b BIB. CEMS - 11 de abril |h A868.4 |i C333 |k IP |p 6562 |t Ej.1 | ||
